Kabale University Library Catalogue

The cultural contradictions of capitalism / (Record no. 6057)

MARC details
000 -LEADER
fixed length control field 00832cam a2200241 i 4500
005 - DATE AND TIME OF LATEST TRANSACTION
control field 20260205133246.0
008 - FIXED-LENGTH DATA ELEMENTS--GENERAL INFORMATION
fixed length control field 750707s1976 nyu b 001 0 eng
020 ## - INTERNATIONAL STANDARD BOOK NUMBER
International Standard Book Number 0465015263
020 ## - INTERNATIONAL STANDARD BOOK NUMBER
International Standard Book Number 0465097278
040 ## - CATALOGING SOURCE
Original cataloging agency KABLI
Language of cataloging eng
Transcribing agency KABLIB
Description conventions rda
082 00 - DEWEY DECIMAL CLASSIFICATION NUMBER
Classification number 309.1
Edition number 23
Item number BEL
100 1# - MAIN ENTRY--PERSONAL NAME
Personal name Bell, Daniel,
Dates associated with a name 1919-2011.
9 (RLIN) 15342
245 14 - TITLE STATEMENT
Title The cultural contradictions of capitalism /
Statement of responsibility, etc. Daniel Bell.
260 ## - PUBLICATION, DISTRIBUTION, ETC.
Place of publication, distribution, etc. New York :
Name of publisher, distributor, etc. Basic Books,
Date of publication, distribution, etc. c1976.
300 ## - PHYSICAL DESCRIPTION
Extent xvi, 301 p. ;
Dimensions 25 cm.
504 ## - BIBLIOGRAPHY, ETC. NOTE
Bibliography, etc. note Includes bibliographical references, index.
650 #0 - SUBJECT ADDED ENTRY--TOPICAL TERM
Topical term or geographic name entry element Technology and civilization.
9 (RLIN) 15343
650 #0 - SUBJECT ADDED ENTRY--TOPICAL TERM
Topical term or geographic name entry element Capitalism.
651 #0 - SUBJECT ADDED ENTRY--GEOGRAPHIC NAME
Geographic name United States
General subdivision Civilization
Chronological subdivision 1945-
9 (RLIN) 15344
651 #0 - SUBJECT ADDED ENTRY--GEOGRAPHIC NAME
Geographic name United States
General subdivision Social conditions
Chronological subdivision 1945-
9 (RLIN) 15345
710 2# - ADDED ENTRY--CORPORATE NAME
Corporate name or jurisdiction name as entry element Ralph Ellison Collection (Library of Congress)
Institution to which field applies DLC
9 (RLIN) 15346
942 ## - ADDED ENTRY ELEMENTS (KOHA)
Source of classification or shelving scheme Dewey Decimal Classification
Koha item type Book
Holdings
Withdrawn status Lost status Source of classification or shelving scheme Damaged status Not for loan Home library Current library Shelving location Date acquired Source of acquisition Total Checkouts Full call number Barcode Date last seen Price effective from Koha item type
    Dewey Decimal Classification     Mukombe Library Mukombe Library Open Access Section 05.02.2026 Donation   309.1 BEL 14472 05.02.2026 05.02.2026 Book

Kabale University Library | Kabale University P.O Box 317, Kabale, Uganda
Tel : +256754017033, +256774661503 E-mail : library@kab.ac.ug